BIBLIOTECA

SENCICO

Riesgos eléctricos : Prevención y protección de accidentes (Registro nro. 758)

Detalles MARC
000 -LEADER
fixed length control field 00782nam a2200289Ia 4500
005 - DATE AND TIME OF LATEST TRANSACTION
control field 20251020182448.0
008 - FIXED-LENGTH DATA ELEMENTS--GENERAL INFORMATION
fixed length control field 200515s9999 xx 000 0 und d
020 ## - INTERNATIONAL STANDARD BOOK NUMBER
International Standard Book Number 978-958-762-050-4
082 ## - DEWEY DECIMAL CLASSIFICATION NUMBER
Classification number 614.825/V19
100 ## - MAIN ENTRY--PERSONAL NAME
Personal name Valencia Vanegas, Ferney
245 #0 - TITLE STATEMENT
Title Riesgos eléctricos : Prevención y protección de accidentes
250 ## - EDITION STATEMENT
Edition statement 1a ed.
260 ## - PUBLICATION, DISTRIBUTION, ETC.
Place of publication, distribution, etc. Bogotá, D.C.
260 ## - PUBLICATION, DISTRIBUTION, ETC.
Name of publisher, distributor, etc. Ediciones de la U
260 ## - PUBLICATION, DISTRIBUTION, ETC.
Date of publication, distribution, etc. 2012
300 ## - PHYSICAL DESCRIPTION
Extent 302
300 ## - PHYSICAL DESCRIPTION
Other physical details il., tbl.
490 ## - SERIES STATEMENT
Series statement Administración en salud
500 ## - GENERAL NOTE
General note 1 ejemplar
650 ## - SUBJECT ADDED ENTRY--TOPICAL TERM
Topical term or geographic name entry element NORMATIVIDAD
650 ## - SUBJECT ADDED ENTRY--TOPICAL TERM
Topical term or geographic name entry element PRECAUCIONES Y NORMAS
650 ## - SUBJECT ADDED ENTRY--TOPICAL TERM
Topical term or geographic name entry element PREVENCION DE ACCIDENTES DE ORIGEN ELECTRICO
650 ## - SUBJECT ADDED ENTRY--TOPICAL TERM
Topical term or geographic name entry element PRIMEROS AUXILIOS
650 ## - SUBJECT ADDED ENTRY--TOPICAL TERM
Topical term or geographic name entry element PROTECCION DE ACCIDENTES
942 ## - ADDED ENTRY ELEMENTS (KOHA)
Koha item type Libros
Existencias
Fecha de la última vez que lo usaron Pago total Signatura topográfica completa Código de barras Precio efectivo desde Tipo de documento Estado perdido Estado dañado No es para préstamo Retirado Ubicación permanente Ubicación actual Fecha de adquisición
15/05/2020   614.825/V19 Bib-Lima15050758 15/05/2020 Libros         Biblioteca Central Lima Biblioteca Central Lima 15/05/2020